<?xml version="1.0" encoding="UTF-8"?>
<collection xmlns="http://www.loc.gov/MARC21/slim">
 <record>
  <leader>03649nam a22005415i 4500</leader>
  <controlfield tag="001">978-3-658-28158-8</controlfield>
  <controlfield tag="003">DE-He213</controlfield>
  <controlfield tag="005">20210622101638.0</controlfield>
  <controlfield tag="007">cr nn 008mamaa</controlfield>
  <controlfield tag="008">191111s2020    gw |    s    |||| 0|eng d</controlfield>
  <datafield tag="020" ind1=" " ind2=" ">
   <subfield code="a">9783658281588</subfield>
   <subfield code="9">978-3-658-28158-8</subfield>
  </datafield>
  <datafield tag="024" ind1="7" ind2=" ">
   <subfield code="a">10.1007/978-3-658-28158-8</subfield>
   <subfield code="2">doi</subfield>
  </datafield>
  <datafield tag="050" ind1=" " ind2="4">
   <subfield code="a">QA76.9.U83</subfield>
  </datafield>
  <datafield tag="050" ind1=" " ind2="4">
   <subfield code="a">QA76.9.H85</subfield>
  </datafield>
  <datafield tag="072" ind1=" " ind2="7">
   <subfield code="a">UYZG</subfield>
   <subfield code="2">bicssc</subfield>
  </datafield>
  <datafield tag="072" ind1=" " ind2="7">
   <subfield code="a">COM070000</subfield>
   <subfield code="2">bisacsh</subfield>
  </datafield>
  <datafield tag="072" ind1=" " ind2="7">
   <subfield code="a">UYZG</subfield>
   <subfield code="2">thema</subfield>
  </datafield>
  <datafield tag="082" ind1="0" ind2="4">
   <subfield code="a">005.437</subfield>
   <subfield code="2">23</subfield>
  </datafield>
  <datafield tag="082" ind1="0" ind2="4">
   <subfield code="a">4.019</subfield>
   <subfield code="2">23</subfield>
  </datafield>
  <datafield tag="100" ind1="1" ind2=" ">
   <subfield code="a">Schmidt, Elisabeth.</subfield>
   <subfield code="e">author.</subfield>
   <subfield code="4">aut</subfield>
   <subfield code="4">http://id.loc.gov/vocabulary/relators/aut</subfield>
  </datafield>
  <datafield tag="245" ind1="1" ind2="0">
   <subfield code="a">Effects of Thermal Stimulation during Passive Driver Fatigue</subfield>
   <subfield code="h">[electronic resource] /</subfield>
   <subfield code="c">by Elisabeth Schmidt.</subfield>
  </datafield>
  <datafield tag="250" ind1=" " ind2=" ">
   <subfield code="a">1st ed. 2020.</subfield>
  </datafield>
  <datafield tag="264" ind1=" " ind2="1">
   <subfield code="a">Wiesbaden :</subfield>
   <subfield code="b">Springer Fachmedien Wiesbaden :</subfield>
   <subfield code="b">Imprint: Springer Vieweg,</subfield>
   <subfield code="c">2020.</subfield>
  </datafield>
  <datafield tag="300" ind1=" " ind2=" ">
   <subfield code="a">XXVII, 230 p. 48 illus.</subfield>
   <subfield code="b">online resource.</subfield>
  </datafield>
  <datafield tag="336" ind1=" " ind2=" ">
   <subfield code="a">text</subfield>
   <subfield code="b">txt</subfield>
   <subfield code="2">rdacontent</subfield>
  </datafield>
  <datafield tag="337" ind1=" " ind2=" ">
   <subfield code="a">computer</subfield>
   <subfield code="b">c</subfield>
   <subfield code="2">rdamedia</subfield>
  </datafield>
  <datafield tag="338" ind1=" " ind2=" ">
   <subfield code="a">online resource</subfield>
   <subfield code="b">cr</subfield>
   <subfield code="2">rdacarrier</subfield>
  </datafield>
  <datafield tag="347" ind1=" " ind2=" ">
   <subfield code="a">text file</subfield>
   <subfield code="b">PDF</subfield>
   <subfield code="2">rda</subfield>
  </datafield>
  <datafield tag="490" ind1="1" ind2=" ">
   <subfield code="a">Gestaltung hybrider Mensch-Maschine-Systeme/Designing Hybrid Societies,</subfield>
   <subfield code="x">2661-8230</subfield>
  </datafield>
  <datafield tag="505" ind1="0" ind2=" ">
   <subfield code="a">Fatigue Induction in Simulated Driving -- Effect of Thermal Stimuli on Passive Fatigue -- Detection of Fatigue based on Physiological Measurements -- Driver Vitalization through Fatigue-Based Climate Control.</subfield>
  </datafield>
  <datafield tag="520" ind1=" " ind2=" ">
   <subfield code="a">Elisabeth Schmidt investigates the effect of thermal stimulation during passive driver fatigue in a series of driving simulator experiments. Thermal stimulation of the upper body resulted in significantly decreased subjective fatigue ratings as well as an increase in pupil diameter and skin conductance. The effects of different stimulus temperatures, durations, lower leg cooling and repetitive cooling were also examined. The studies show that thermal stimulation of the upper body causes physiological and subjective effects, which can be associated with a short-term sympathetic activation, whereas lower leg cooling does not cause physiological activation. Contents Fatigue Induction in Simulated Driving Effect of Thermal Stimuli on Passive Fatigue Detection of Fatigue based on Physiological Measurements Driver Vitalization through Fatigue-Based Climate Control Target Groups Researchers in the fields of human factors, ergonomics, user interaction Automotive human-machine-interaction specialists The Author Elisabeth Schmidt completed her doctoral dissertation under the supervision of Prof. Dr. Angelika C. Bullinger-Hoffmann at Chemnitz University of Technology, Germany. .</subfield>
  </datafield>
  <datafield tag="650" ind1=" " ind2="0">
   <subfield code="a">User interfaces (Computer systems).</subfield>
  </datafield>
  <datafield tag="650" ind1=" " ind2="0">
   <subfield code="a">Automotive engineering.</subfield>
  </datafield>
  <datafield tag="650" ind1=" " ind2="0">
   <subfield code="a">Transportation engineering.</subfield>
  </datafield>
  <datafield tag="650" ind1=" " ind2="0">
   <subfield code="a">Traffic engineering.</subfield>
  </datafield>
  <datafield tag="650" ind1="1" ind2="4">
   <subfield code="a">User Interfaces and Human Computer Interaction.</subfield>
   <subfield code="0">https://scigraph.springernature.com/ontologies/product-market-codes/I18067</subfield>
  </datafield>
  <datafield tag="650" ind1="2" ind2="4">
   <subfield code="a">Automotive Engineering.</subfield>
   <subfield code="0">https://scigraph.springernature.com/ontologies/product-market-codes/T17047</subfield>
  </datafield>
  <datafield tag="650" ind1="2" ind2="4">
   <subfield code="a">Transportation Technology and Traffic Engineering.</subfield>
   <subfield code="0">https://scigraph.springernature.com/ontologies/product-market-codes/T23120</subfield>
  </datafield>
  <datafield tag="710" ind1="2" ind2=" ">
   <subfield code="a">SpringerLink (Online service)</subfield>
  </datafield>
  <datafield tag="773" ind1="0" ind2=" ">
   <subfield code="t">Springer Nature eBook</subfield>
  </datafield>
  <datafield tag="776" ind1="0" ind2="8">
   <subfield code="i">Printed edition:</subfield>
   <subfield code="z">9783658281571</subfield>
  </datafield>
  <datafield tag="776" ind1="0" ind2="8">
   <subfield code="i">Printed edition:</subfield>
   <subfield code="z">9783658281595</subfield>
  </datafield>
  <datafield tag="830" ind1=" " ind2="0">
   <subfield code="a">Gestaltung hybrider Mensch-Maschine-Systeme/Designing Hybrid Societies,</subfield>
   <subfield code="x">2661-8230</subfield>
  </datafield>
  <datafield tag="856" ind1="4" ind2="0">
   <subfield code="u">https://doi.org/10.1007/978-3-658-28158-8</subfield>
  </datafield>
  <datafield tag="912" ind1=" " ind2=" ">
   <subfield code="a">ZDB-2-SCS</subfield>
  </datafield>
  <datafield tag="912" ind1=" " ind2=" ">
   <subfield code="a">ZDB-2-SXCS</subfield>
  </datafield>
  <datafield tag="950" ind1=" " ind2=" ">
   <subfield code="a">Computer Science (SpringerNature-11645)</subfield>
  </datafield>
  <datafield tag="950" ind1=" " ind2=" ">
   <subfield code="a">Computer Science (R0) (SpringerNature-43710)</subfield>
  </datafield>
 </record>
</collection>
